|
|
|
|
| LEADER |
01247nam a2200301 a 4500 |
| 001 |
2106929 |
| 008 |
100428s1997 nyua b 001 0 eng d |
| 010 |
|
|
|a \\\96026269
|
| 020 |
|
|
|a 0070577846
|
| 040 |
|
|
|a DLC
|c DLC
|d DLC
|d BD-DhAAL
|
| 082 |
0 |
0 |
|a 371.1/02
|2 20
|
| 100 |
1 |
|
|a Sadker, Myra.
|
| 245 |
1 |
0 |
|a Teachers, schools, and society /
|c Myra Pollack Sadker, David Miller Sadker.
|
| 250 |
|
|
|a 4th ed.
|
| 260 |
|
|
|a New York :
|b McGraw-Hill,
|c c1997.
|
| 300 |
|
|
|a xx, 633 p. :
|b ill.,col. ;
|c 26 cm.
|
| 504 |
|
|
|a Includes bibliographical references and index.
|
| 541 |
1 |
|
|e 00008045
|
| 650 |
|
0 |
|a Teaching.
|
| 650 |
|
0 |
|a Education
|z United States
|x History.
|
| 650 |
|
0 |
|a Educational sociology
|z United States.
|
| 650 |
|
0 |
|a Education
|x Study and teaching
|z United States.
|
| 650 |
|
0 |
|a Teachers
|x Training of
|z United States.
|
| 700 |
1 |
|
|a Sadker, David Miller,
|d 1942-
|
| 852 |
4 |
|
|a Ayesha Abed Library
|j General Shelf
|
| 999 |
|
|
|c 8296
|d 8296
|
| 952 |
|
|
|0 0
|1 0
|2 ddc
|4 0
|6 371_102000000000000_SAD_1997
|7 0
|9 9539
|a BRACUL
|b BRACUL
|c GEN
|d 2010-04-28
|l 0
|o 371.102 SAD
|p 3010008045
|r 2010-04-28
|t 1
|w 2010-04-28
|y BK
|
| 952 |
|
|
|0 0
|1 0
|2 ddc
|4 0
|6 371_102000000000000_SAD_1997
|7 0
|9 9687
|a BRACUL
|b BRACUL
|c GEN
|d 2010-05-03
|l 0
|o 371.102 SAD
|p 3010008046
|r 2010-05-03
|t 2
|w 2010-05-03
|y BK
|